| 000 | 00669nam a22002297a 4500 | ||
|---|---|---|---|
| 003 | BJBSDDR | ||
| 005 | 20260323120334.0 | ||
| 007 | ta | ||
| 008 | 260323s2018 ||||| |||| 00| 0 ita d | ||
| 020 | _a9788868956257 | ||
| 020 | _a 886895625X | ||
| 040 |
_bspa _cBJBSDDR |
||
| 041 | _aita | ||
| 050 | _bC244 2018 | ||
| 100 | 1 |
_aCapitanio, Maria Elena _947644 |
|
| 245 | 1 | 0 |
_aComunicare da leader : _b l'arte di convincere nell'era della post-verità / _cMaria Elena Capitanio, Andrea Di Cicco |
| 260 |
_aMilano : _bLSWR, _c2018 |
||
| 300 |
_a271 pages : _billustrations ; _c24 cm |
||
| 700 | 1 |
_aDi Cicco, Andrea _947645 |
|
| 942 |
_2lcc _n0 _cBK |
||
| 946 | _icmc | ||
| 999 |
_c126670 _d126670 |
||